[Event "Benidorm op-A"]
[Site "Benidorm"]
[Date "2021.12.07"]
[Round "4"]
[White "Kuling, Lody"]
[Black "Lombardi, Mariano"]
[Result "1/2-1/2"]
[WhiteElo "2240"]
[BlackElo "2071"]
[PlyCount "117"]
[EventDate "2021.12.04"]
[EventType "swiss"]
[EventRounds "9"]
[EventCountry "ESP"]
[SourceTitle "CBM 205 Extra"]
[Source "ChessBase"]
[SourceDate "2022.01.31"]
[SourceVersion "1"]
[SourceVersionDate "2022.01.31"]
[SourceQuality "1"]

1. e4 e6 2. Nc3 d5 3. g3 c5 4. Bg2 Nf6 5. d3 Nc6 6. Nge2 d4 7. Nb1 Be7 8. 0-0 e5 9. h3 Be6 10. f4 g6 11. Nd2 Qd7 12. fxe5 Nxe5 13. Nf4 0-0 14. Nf3 Bd6 15. Nxe6 Nxf3+ 16. Qxf3 fxe6 17. Bh6 Rf7 18. e5 Bxe5 19. Rae1 Bd6 20. Qe2 Bxg3 21. Qxe6 Bxe1 22. Qxe1 Re8 23. Qf2 Nh5 24. Qxf7+ Qxf7 25. Rxf7 Kxf7 26. Bxb7 Re2 27. Bd5+ Kf6 28. Bb3 g5 29. Bf8 Re5 30. Bd6 Rf5 31. a4 Nf4 32. Kh2 h5 33. a5 g4 34. hxg4 hxg4 35. Kg3 Kg5 36. a6 Ne2+ 37. Kg2 Nf4+ 38. Kg3 Ne2+ 39. Kg2 Kh5 40. c3 g3 41. Bxg3 Nxg3 42. Kxg3 Kg5 43. cxd4 cxd4 44. Bc4 Kf6 45. b4 Ke7 46. Kg4 Rf1 47. Kg3 Kd6 48. Kg2 Rf8 49. Kg3 Rb8 50. b5 Rf8 51. Kg4 Kc5 52. Kg3 Rf6 53. Kg2 Rf4 54. Kg3 Rf8 55. Kg2 Rf5 56. Kg3 Rf8 57. Kg2 Kb4 58. Kg3 Kc5 59. Kg2 1/2-1/2

[Event "Amantea op-A 9th"]
[Site "Amantea"]
[Date "2011.09.06"]
[Round "3"]
[White "Okhotnik, Vladimir"]
[Black "Lombardi, Mariano"]
[Result "1-0"]
[WhiteElo "2445"]
[BlackElo "2061"]
[PlyCount "55"]
[EventDate "2011.09.04"]
[EventType "swiss"]
[EventRounds "9"]
[EventCountry "ITA"]
[SourceTitle "CBM 144 Extra"]
[Source "ChessBase"]
[SourceDate "2011.10.28"]
[SourceVersion "1"]
[SourceVersionDate "2011.10.28"]
[SourceQuality "1"]

1. e4 c5 2. Nf3 d6 3. Bc4 Nf6 4. d3 Nc6 5. c3 e6 6. Bb3 Be7 7. 0-0 0-0 8. Re1 b5 9. Nbd2 d5 10. Bc2 Qc7 11. Qe2 Re8 12. Nf1 Bb7 13. Ng3 d4 14. Bd2 Rad8 15. cxd4 cxd4 16. Rac1 Qb6 17. e5 Nd7 18. h4 Rc8 19. Bb1 b4 20. Bf4 Nc5 21. b3 a5 22. Nd2 Qa7 23. Qg4 f5 24. exf6 Bxf6 25. Nh5 Kh8 26. Nc4 Rg8 27. Nd6 e5 28. Nf7# 1-0

[Event "Campobasso op 16th"]
[Site "Campobasso"]
[Date "2009.07.25"]
[Round "3"]
[White "Forlano, Luigi"]
[Black "Lombardi, Mariano"]
[Result "1-0"]
[WhiteElo "1987"]
[BlackElo "2160"]
[PlyCount "53"]
[EventDate "2009.07.24"]
[EventType "swiss"]
[EventRounds "6"]
[EventCountry "ITA"]
[SourceTitle "EXT 2012"]
[Source "ChessBase"]
[SourceDate "2011.11.24"]
[SourceVersion "1"]
[SourceVersionDate "2011.11.24"]
[SourceQuality "1"]

1. e4 c5 2. Nc3 Nc6 3. f4 g6 4. Nf3 Bg7 5. Bb5 Nd4 6. 0-0 Nxb5 7. Nxb5 a6 8. Nc3 d6 9. d3 Nf6 10. Qe1 Bg4 11. h3 Bxf3 12. Rxf3 Qd7 13. Be3 0-0 14. g4 Ne8 15. f5 Nc7 16. Bg5 Be5 17. Qh4 f6 18. fxg6 hxg6 19. Be3 Rf7 20. Kg2 Rh7 21. Qf2 g5 22. Rf1 Kg7 23. Bxg5 fxg5 24. Rf7+ Kg8 25. Rxh7 Kxh7 26. Qf7+ Kh6 27. Qh5+ 1-0

[Event "ITA-ch sf"]
[Site "Saint Vincent"]
[Date "2008.07.27"]
[Round "9"]
[White "Lombardi, Mariano"]
[Black "Caprio, Guido"]
[Result "1/2-1/2"]
[WhiteElo "2119"]
[BlackElo "2188"]
[PlyCount "74"]
[EventDate "2008.07.19"]
[EventType "swiss"]
[EventRounds "9"]
[EventCountry "ITA"]
[SourceTitle "EXT 2009"]
[Source "ChessBase"]
[SourceDate "2008.11.26"]
[SourceVersion "1"]
[SourceVersionDate "2008.11.26"]
[SourceQuality "1"]

1. e4 c5 2. Nf3 d6 3. d4 cxd4 4. Nxd4 Nf6 5. Nc3 g6 6. f3 Bg7 7. Be3 Nc6 8. Qd2 0-0 9. Bc4 Bd7 10. 0-0-0 Rc8 11. Bb3 Ne5 12. g4 b5 13. g5 b4 14. Nce2 Nh5 15. Ng3 Nc4 16. Bxc4 Rxc4 17. Nxh5 gxh5 18. f4 Qa8 19. Qg2 Rfc8 20. Rd2 e5 21. fxe5 dxe5 22. Nf5 Bxf5 23. exf5 Rxc2+ 24. Rxc2 Rxc2+ 25. Qxc2 Qxh1+ 26. Qd1 Qxd1+ 27. Kxd1 e4 28. f6 Bf8 29. Ke2 Bd6 30. h3 a6 31. Bd4 Bf4 32. Be3 Be5 33. b3 h6 34. gxh6 Bxf6 35. Bc5 Bc3 36. Ke3 f5 37. Kf4 Kh7 1/2-1/2

[Event "ITA-ch sf"]
[Site "Saint Vincent"]
[Date "2008.07.22"]
[Round "4"]
[White "Lombardi, Mariano"]
[Black "Barletta, Mauro"]
[Result "1/2-1/2"]
[WhiteElo "2119"]
[BlackElo "2205"]
[PlyCount "41"]
[EventDate "2008.07.19"]
[EventType "swiss"]
[EventRounds "9"]
[EventCountry "ITA"]
[SourceTitle "EXT 2009"]
[Source "ChessBase"]
[SourceDate "2008.11.26"]
[SourceVersion "1"]
[SourceVersionDate "2008.11.26"]
[SourceQuality "1"]

1. Nf3 d5 2. d4 e6 3. g3 Nf6 4. Bg2 Be7 5. 0-0 0-0 6. c4 dxc4 7. Qc2 a6 8. a4 Bd7 9. Qxc4 Bc6 10. Nc3 Nd5 11. Nxd5 Qxd5 12. Qxd5 Bxd5 13. Bd2 Nc6 14. Bc3 Rfd8 15. e3 h6 16. Nd2 Bxg2 17. Kxg2 Rac8 18. a5 e5 19. dxe5 Nxe5 20. Bxe5 Rxd2 21. Bc3 1/2-1/2

[Event "San Nicola Arcella op 1st"]
[Site "San Nicola Arcella"]
[Date "2007.09.20"]
[Round "6"]
[White "Rotoni, Matteo"]
[Black "Lombardi, Mariano"]
[Result "1/2-1/2"]
[WhiteElo "2074"]
[BlackElo "1877"]
[PlyCount "116"]
[EventDate "2007.09.16"]
[EventType "swiss"]
[EventRounds "9"]
[EventCountry "ITA"]
[SourceTitle "EXT 2009"]
[Source "ChessBase"]
[SourceDate "2008.11.26"]
[SourceVersion "1"]
[SourceVersionDate "2008.11.26"]
[SourceQuality "1"]

1. e4 c5 2. c3 Nf6 3. e5 Nd5 4. d4 e6 5. Nf3 cxd4 6. cxd4 d6 7. a3 Bd7 8. Bd3 Bc6 9. Bd2 Nd7 10. Nc3 Nxc3 11. Bxc3 dxe5 12. dxe5 Bc5 13. 0-0 a6 14. Qe2 Rc8 15. Nd2 Qc7 16. Ne4 Bxe4 17. Qxe4 Be7 18. Qg4 g6 19. Rfe1 Bc5 20. h4 Nb6 21. Ba5 Bxf2+ 22. Kxf2 Qc5+ 23. Re3 Qxa5 24. h5 Qd2+ 25. Qe2 Qxe2+ 26. Bxe2 Nd5 27. Rb3 Rc7 28. Bxa6 Ke7 29. Bxb7 gxh5 30. Bxd5 exd5 31. Rb6 Rg8 32. g3 Rg5 33. Re1 Rf5+ 34. Kg1 Rc2 35. e6 fxe6 36. Rbxe6+ Kd7 37. R6e2 Rxe2 38. Rxe2 Rf3 39. Kg2 Rb3 40. Rc2 Kd6 41. Kf2 Ke5 42. Rd2 Ke4 43. a4 Rb4 44. a5 Ra4 45. b4 Rxb4 46. Ra2 Rb7 47. a6 Ra7 48. Ke2 Kf5 49. Kf3 Ke5 50. Ke3 Kf5 51. Kd4 Kg4 52. Ra3 h4 53. gxh4 Kxh4 54. Kxd5 h5 55. Kc6 Kg4 56. Kb6 Rxa6+ 57. Rxa6 h4 58. Kc5 h3 1/2-1/2

[Event "San Nicola Arcella op 1st"]
[Site "San Nicola Arcella"]
[Date "2007.09.18"]
[Round "3"]
[White "Gad, Ahmad"]
[Black "Lombardi, Mariano"]
[Result "0-1"]
[WhiteElo "1796"]
[BlackElo "1877"]
[PlyCount "68"]
[EventDate "2007.09.16"]
[EventType "swiss"]
[EventRounds "9"]
[EventCountry "ITA"]
[SourceTitle "EXT 2009"]
[Source "ChessBase"]
[SourceDate "2008.11.26"]
[SourceVersion "1"]
[SourceVersionDate "2008.11.26"]
[SourceQuality "1"]

1. e4 c5 2. Nf3 d6 3. d4 cxd4 4. Nxd4 Nf6 5. Nc3 a6 6. Bg5 e6 7. f4 Be7 8. Qf3 Qc7 9. 0-0-0 Nbd7 10. g4 b5 11. Bxf6 Nxf6 12. g5 Nd7 13. f5 Bxg5+ 14. Kb1 Ne5 15. Qh5 Qe7 16. Rg1 Bf6 17. fxe6 g6 18. exf7+ Qxf7 19. Qe2 Bg7 20. Nd5 Rb8 21. Qd2 0-0 22. Be2 Bb7 23. Rgf1 Qd7 24. Qg5 Kh8 25. Nb6 Qh3 26. Qe7 Rfe8 27. Qxd6 Bxe4 28. Qc7 Rbd8 29. a3 h6 30. Rf2 Qe3 31. Ne6 Rxd1+ 32. Bxd1 Rxe6 33. Qc8+ Kh7 34. Qxe6 Qxf2 0-1

[Event "San Nicola Arcella op 1st"]
[Site "San Nicola Arcella"]
[Date "2007.09.16"]
[Round "1"]
[White "Efimov, Igor"]
[Black "Lombardi, Mariano"]
[Result "1-0"]
[WhiteElo "2426"]
[BlackElo "1877"]
[PlyCount "69"]
[EventDate "2007.09.16"]
[EventType "swiss"]
[EventRounds "9"]
[EventCountry "ITA"]
[SourceTitle "EXT 2009"]
[Source "ChessBase"]
[SourceDate "2008.11.26"]
[SourceVersion "1"]
[SourceVersionDate "2008.11.26"]
[SourceQuality "1"]

1. d4 Nf6 2. Nf3 e6 3. c4 d5 4. Nc3 c6 5. Bg5 Nbd7 6. e3 Be7 7. Bd3 b6 8. 0-0 Bb7 9. Qe2 dxc4 10. Bxc4 Nd5 11. Ne4 N7f6 12. Ned2 h6 13. Bh4 0-0 14. Ne5 c5 15. dxc5 bxc5 16. Rfd1 Qc7 17. Nd3 Rac8 18. Rac1 Rfd8 19. Bg3 Qb6 20. f3 Nb4 21. Rc3 Nxd3 22. Bxd3 Nd7 23. Rb3 Qc6 24. Ra3 c4 25. Be4 Qb5 26. Rxa7 Bxe4 27. Nxe4 Bc5 28. Rc7 Rxc7 29. Bxc7 Rc8 30. Bg3 Nb6 31. b3 Bb4 32. Be1 Qa5 33. Nd6 Ra8 34. Bxb4 Qxb4 35. Nxc4 1-0